| 000 | 01567nam a2200481 i 4500 | ||
|---|---|---|---|
| 001 | 45509 | ||
| 003 | KOSZ 005 | ||
| 005 | 20211215082301.0 | ||
| 008 | 040726s2004 pl a f |001 0 pol | ||
| 015 | _aUWD 2004/14661 | ||
| 020 | _a8373613951 | ||
| 035 | _a991024373759705066 | ||
| 035 | _a(PL-WaBN)b16650256-48omnis_nlop | ||
| 035 | _ab16650256 | ||
| 035 | _a(OCoLC)749571994 | ||
| 035 | _azz2004969384 | ||
| 035 | _a(PL)b0000001665025 | ||
| 035 | _a(EXLNZ-48OMNIS_NETWORK)9910392593905606 | ||
| 040 |
_aWA N _cWA N _dKR U _dKOSZ 005/HR |
||
| 041 | 0 | _apol | |
| 046 | _k2004 | ||
| 080 | _a004.438 | ||
| 080 | _a(07) | ||
| 100 | 1 |
_aLis, Marcin _d(1975-2016) _eAutor |
|
| 245 | 1 | 0 |
_aPraktyczny kurs Java / _cMarcin Lis. |
| 260 |
_aGliwice : _b"Helion", _ccop. 2004. |
||
| 300 |
_a382, [22] s. : _bfot., rys., wykr. ; _c24 cm + _eCD-ROM. |
||
| 336 |
_aTekst _btxt _2rdacontent |
||
| 337 |
_aBez urządzenia pośredniczącego _bn _2rdamedia |
||
| 338 |
_aWolumin _bnc _2rdacarrier |
||
| 380 | _aKsiążki | ||
| 380 | _aPublikacje fachowe | ||
| 388 | _a2001- | ||
| 500 | _aU dołu s. tyt. i okł.: poznaj tajniki najpopularniejszego języka programowania ery internetu. | ||
| 504 | _aIndeks. | ||
| 650 | 7 |
_aJava (język programowania) _2DBN |
|
| 655 | 7 |
_aPodręcznik _2DBN |
|
| 658 | _aInformatyka i technologie informacyjne | ||
| 710 | 2 |
_aHelion _4pbl |
|
| 856 |
_uhttp://koha.tu.koszalin.pl/cgi-bin/koha/opac-detail.pl?biblionumber=45509 _yKatalog online BPK |
||
| 942 |
_2UKD _cKS |
||
| 999 |
_c45509 _d45509 |
||